000 00796nam a2200229Ia 4500
003 OSt
005 20200812191144.0
008 191128s2007 ck ad gr 000 0 spa d
020 _a9589353776
040 _aCO-JMCR
_cCO-JMCR
041 0 _aspa
082 0 4 _a344.05 /
_bM516t
_223
100 1 _aMejía Villegas, Darío,
_eautor
_98694
245 1 3 _aLa tutela y el derecho a la salud período 2003-2004 /
_cDarío Mejía Villegas
260 _aBogotá :
_bDefensoría del Pueblo,
_c2007
300 _a82 páginas :
_bgráficos a color ;
_c23 cm.
505 0 _aAspectos metodológicos -- Resultados
650 1 4 _aAcción de tutela
_98695
_zColombia
650 1 4 _aDerecho a la salud
_zColombia
_98696
650 1 4 _aTutela
_xlegislación sobre salud pública
_zColombia
_98697
942 _2ddc
_cBK
999 _c3817
_d3817